| 000 | 00000nam 2200000za 4500 |
| 001 | 9.695153 |
| 003 | CaOODSP |
| 005 | 20210913132340 |
| 007 | cr ||||||||||| |
| 008 | 150407s1999 oncd o f000 0 eng d |
| 040 | |aCaOODSP|beng |
| 043 | |an-cn--- |
| 086 | 1 |aC2-441/1999E-PDF |
| 110 | 1 |aCanada. |bAdvisory Council on Science and Technology. |
| 245 | 10|aPublic investments in university research - reaping the benefits : |h[electronic resource]|breport of the Expert Panel on the Commercialization of University Research |
| 260 | |aOttawa - Ontario : |bIndustry Canada. |cMay 4, 1999. |
| 300 | |a60p.|bfig., glossary, graphs, references, tables |
| 500 | |aThe catalogue number (C2-441/1999) and ISBN (0-662-64311-9) for the bilingual print edition have been incorrectly copied in this electronic publication. |
| 590 | |a11-28-Supp|b2011-11-17 |
| 690 | 07|aMarketing|2gcpds |
| 690 | 07|aResearch|2gcpds |
| 690 | 07|aResearch grants|2gcpds |
| 690 | 07|aUniversities|2gcpds |
| 775 | 08|tLes investissements publics dans la recherche universitaire : comment les faire fructifier : |w(CaOODSP)9.639297 |
| 776 | 0#|tPublic investments in university research: reaping the benefits : |w(CaOODSP)9.661079 |
| 776 | 0#|tLes investissements publiques dans la recherche universitaire: comment les faire fructifier : |w(CaOODSP)9.661080 |
| 856 | 40|ahttp://publications.gc.ca|qPDF|s765 KB|uhttps://publications.gc.ca/collections/Collection/C2-441-1999E.pdf |
| 986 | |a52754B |